Forest management; ការរៀបចំព្រៃឈើ (Record no. 8839)
[ view plain ]
| 000 -LEADER | |
|---|---|
| fixed length control field | 00245nam a22000977a 4500 |
| 040 ## - CATALOGING SOURCE | |
| Transcribing agency | SK |
| 082 ## - DEWEY DECIMAL CLASSIFICATION NUMBER | |
| Classification number | 634 |
| 100 ## - MAIN ENTRY--AUTHOR NAME | |
| Personal name | VON MONIN; វន មនិន្ទ |
| 245 ## - TITLE STATEMENT | |
| Title | Forest management; ការរៀបចំព្រៃឈើ |
| 942 ## - ADDED ENTRY ELEMENTS (KOHA) | |
| Koha item type | ADB |
| 952 ## - LOCATION AND ITEM INFORMATION (KOHA) | |
| Withdrawn status [LOCAL, KOHA] | 0 |
| Permanent Location | Date acquired | Koha item type | Lost status | Shelving location | Barcode | Current Location | Full call number |
|---|---|---|---|---|---|---|---|
| Library Block C | 2016-08-16 | ADB | C240 | RUA042421 | Library Block C | 634 VON 1998 C240 |